|
|
|
|
| LEADER |
00000csc a2200000 a 4500 |
| 001 |
54813 |
| 005 |
20230308211344.0 |
| 008 |
967122|1963 ||||||||r|||||||||||spa|| |
| 040 |
|
|
|b spa
|
| 041 |
1 |
|
|a spa
|
| 082 |
0 |
|
|a 150
|
| 100 |
1 |
|
|a Malinowski, Bronislaw
|9 31625
|
| 245 |
|
|
|a Estudios de psicología primitiva: el complejo de edipo
|c Bronislaw Malinowski. Traducción de P. Von Haselberg
|h imp
|n tomo 13
|
| 250 |
|
|
|a 3a ed.
|
| 264 |
|
|
|a Buenos Aires
|b Editorial Paidós
|c 1963
|
| 300 |
|
|
|a 268 páginas:
|c 18 cm
|
| 490 |
|
|
|a Biblioteca del Hombre Contemporáneo
|n no. 13
|
| 504 |
|
|
|a incl. ref.
|
| 650 |
|
|
|a Complejo de edipo
|9 290750
|
| 650 |
|
|
|a Psicologia primitiva
|9 290751
|
| 650 |
|
|
|a Sexualidad infantil
|9 31185
|
| 852 |
|
|
|a UC-CDJBV
|c ESTANTERIA CERRADA
|f Compra
|k lucia.mora
|l 1
|m General
|p 19671221
|q 28,00
|r 2
|t 54813
|b 0
|d CDRC
|e CDRC
|g 150 ESTANTERIA CERRADA
|z 1967-71-22
|
| 942 |
|
|
|
| 999 |
|
|
|c 118430
|d 118430
|